|
|
|
|
| LEADER |
00000nab a2200000 a 4500 |
| 001 |
vtls000494943 |
| 003 |
SK-MaSNL |
| 005 |
20260304234026.0 |
| 008 |
230223c19931994xo 0 slo |
| 015 |
|
|
|a SNBRB19rr/mm-uuuuu
|
| 035 |
|
|
|a CL0495081
|
| 035 |
|
|
|a urn:nbn:sk:snk-ab1ebb
|
| 035 |
|
|
|a (urnnbn)urn:nbn:sk:snk:ar-002ycy
|
| 035 |
|
|
|a (uuid)2b6d2eaa-3c8f-4526-85ce-123a384619a1
|
| 040 |
|
|
|a SNKBUCL
|b slo
|c SNKBUCL
|e AACR2
|
| 041 |
0 |
|
|a slo
|
| 044 |
|
|
|a xo
|c SK
|
| 080 |
|
|
|a 159.923.2-053.4
|2 1981
|
| 100 |
1 |
|
|a Uhrová, Eva
|4 aut
|9 276752
|
| 245 |
1 |
0 |
|a Prosociálne správanie detí predškolského veku
|c Eva Uhrová
|
| 300 |
|
|
|b Lit. 9 zázn. v angl., češ., nem., poľ., ruš.
|
| 650 |
0 |
7 |
|a deti predškolského veku
|2 snkbucl
|9 4103
|
| 650 |
0 |
7 |
|a prosociálne správanie
|2 snkbucl
|9 49610
|
| 655 |
|
7 |
|a články z novín a časopisov
|2 snkbucl
|9 267496
|
| 773 |
0 |
|
|t Predškolská výchova
|g Roč. 48, č. 3-4 (1993/1994), s. 3-5
|
| 850 |
|
|
|a Slovenská národná knižnica v Martine
|a MTA001
|
| 852 |
|
|
|a SNK
|b KIS3GCP
|
| 954 |
|
|
|a odborná, vedecká literatúra pôvodná (slovenská)
|2 lita
|
| 958 |
|
|
|a NB
|
| 958 |
|
|
|a RK
|
| 958 |
|
|
|a OND
|
| 958 |
|
|
|a EUIPO
|
| 958 |
|
|
|a article27
|
| 992 |
|
|
|a RBX
|
| 999 |
|
|
|c 3201616
|d 3203546
|